| 000 | 00943nam a22002897a 4500 | ||
|---|---|---|---|
| 001 | 4914 | ||
| 003 | FISKH | ||
| 005 | 20241024152339.0 | ||
| 008 | 241024b cb ||||| |||| 00| 0 eng d | ||
| 020 | _a9780531214404 | ||
| 040 |
_aFISKH _beng _cFISKH _dFISKH |
||
| 050 | _aLB1556 | ||
| 082 | _a371.7 | ||
| 100 |
_aFalk, Laine _d(1974-) |
||
| 245 |
_aThis is the way we go to school / _cBy Laine Falk |
||
| 250 | _aPublished in 2010 | ||
| 260 |
_aNew York : _bScholastic, _c2010. |
||
| 300 |
_a24 pages : _bColor illustrations ; _c21 cm |
||
| 505 | _aJ | ||
| 520 | _aPhotographs, diagrams, graphs, and simple text about going to school help young learners develop vocabulary and basic grammar and comprehension skills, with websites for further research. | ||
| 521 | 8 |
_a450L
_bLexile |
|
| 521 | 8 |
_aJ
_bRaz-Plus |
|
| 650 |
_2Multicultural _aTransportation |
||
| 650 |
_2School _aCultures |
||
| 942 |
_2ddc _cBK _n0 |
||
| 999 |
_c4914 _d4914 |
||